Slovenské obchodné spoločnosti v novom šate
Úprava obchodných spoločností je v právnom poriadku SR zakotvená v Obchodnom zákonníku, Občianskom súdnom poriadku, v zákone o konkurze a vyrovnaní a v živnostenskom zákone. Ciele novely Obchodného zákonníka v rámci kapitálových spoločností. Vymedzenie verejnej obchodnej spoločnosti, komanditnej spo...
Salvato in:
| Autore principale: | |
|---|---|
| Natura: | Capitolo di libro |
| Lingua: | slovacco |
| Soggetti: | |
| Tags: |
Nessun Tag, puoi essere il primo ad aggiungerne!!
|
MARC
| LEADER | 00000naa a2200000 4500 | ||
|---|---|---|---|
| 001 | r047202 | ||
| 005 | 20230920080854.6 | ||
| 041 | 0 | |a slo | |
| 044 | |a SK | ||
| 245 | 1 | 0 | |a Slovenské obchodné spoločnosti v novom šate |c Katarína Ragáčová |
| 520 | |a Úprava obchodných spoločností je v právnom poriadku SR zakotvená v Obchodnom zákonníku, Občianskom súdnom poriadku, v zákone o konkurze a vyrovnaní a v živnostenskom zákone. Ciele novely Obchodného zákonníka v rámci kapitálových spoločností. Vymedzenie verejnej obchodnej spoločnosti, komanditnej spoločnosti, spoločnosti s ručením obmedzeným, akciovej spoločnosti a družstva. | ||
| 610 | 2 | 0 | |a spoločnosti obchodné |
| 610 | 2 | 0 | |a spoločnosti s r.o. |
| 610 | 2 | 0 | |a spoločnosti akciové |
| 610 | 2 | 0 | |a spoločnosti komanditné |
| 610 | 2 | 0 | |a družstvá |
| 610 | 2 | 0 | |a Slovensko |
| 610 | 2 | 0 | |a zákonník obchodný |
| 610 | 2 | 0 | |a aproximácia práva |
| 100 | 1 | |a Ragáčová, Katarína | |